How Long Did They Live? - Statistics

General Stats
  • This quiz has been taken 792 times
  • The average score is 7 of 15
Answer Stats
Question Answer % Correct
Anne Frank 16
92%
King Tutankhamun 19
78%
Princess Diana 36
71%
Jeanne Calment (longest life ever) 122 years, 164 days
67%
Nelson Mandela 95
59%
Betty White 99
55%
John F. Kennedy 46
54%
Noah (Bible) 950
44%
Emmitt Till 14
43%
Napoleon 51
37%
Winston Churchill 90
37%
Thomas Jefferson 83
32%
Kobe Bryant 41
30%
Harry Houdini 52
22%
Pythagoras 80
20%
No matching quizzes found
Score Distribution
Percent of People with Each Score
Percentile by Number Answered
Your Score History
You have not taken this quiz